Informe Programa de Derechos Humanos. Función policial y orden público 2019.
Guardat en:
| Autor corporatiu: | |
|---|---|
| Format: | Llibre |
| Publicat: |
Santiago, Chile:
Instituto Nacional de Derechos Humanos,
2021.
|
| Edició: | Primera edición |
| Matèries: | |
| Etiquetes: |
Afegir etiqueta
Sense etiquetes, Sigues el primer a etiquetar aquest registre!
|
MARC
| LEADER | 00000nam a22000007a 4500 | ||
|---|---|---|---|
| 003 | CL-VaPUC | ||
| 005 | 20230801123947.0 | ||
| 008 | 221129t2021 ||||| |||| 00| 0 eng d | ||
| 999 | |c 439528 |d 439526 | ||
| 020 | |a 978-956-6014-40-9 | ||
| 040 | |c Pontificia Universidad Católica de Valparaíso | ||
| 082 | |2 22 |a 341.48 INS 2021 | ||
| 110 | 1 | |a Instituto Nacional de Derechos Humanos |e autor |9 878850 | |
| 245 | |a Informe Programa de Derechos Humanos. |b Función policial y orden público 2019. | ||
| 250 | |a Primera edición | ||
| 260 | |a Santiago, Chile: |b Instituto Nacional de Derechos Humanos, |c 2021. | ||
| 300 | |a 485 páginas. | ||
| 500 | |a c.1 Donación del INDH. Memo Der 044. c.2. Donación Biblioteca Derecho. Memo DER 024/2023 | ||
| 583 | |c 20221129 |k Catalogador Asistente | ||
| 650 | 0 | |9 223025 |a Derechos humanos |x Función policial |x Orden público |z Chile | |
| 650 | 0 | |9 223025 |a Derechos humanos |x Manifestaciones sociales |x Custodia policial |z Chile | |
| 942 | |2 ddc |c BK | ||
| 952 | |0 0 |1 0 |2 ddc |4 0 |6 341_480000000000000_INS_2021 |7 0 |8 A |9 587995 |a BIBDER |b BIBDER |c GEN |d 2022-11-29 |e Donación |i 5655855 |o 341.48 INS 2021 |p 5655855 |r 2023-01-25 |t 1 |w 2022-11-29 |y BK |k DER | ||
| 952 | |0 0 |1 0 |2 ddc |4 0 |6 341_480000000000000_INS_2021 |7 0 |8 A |9 591073 |a BIBDER |b BIBDER |c GEN |d 2023-08-01 |e Donación |i 5658275 |o 341.48 INS 2021 |p 5658275 |r 2023-08-01 |t 2 |w 2023-08-01 |y BK |k DER | ||